000 00492nam a2200169 a 4500
001 000025583
005 20200930023908.0
008 110218s1988 dr a 000 0 spa d
040 _aDO-SdBNP
_bspa
_cBNPHU
082 _axxx
_bC965n
245 0 0 _aCuentos de los niños de Puerto Plata para los niños del mundo.
260 _aSanto Domingo :
_bEditorial Santo Domingo,
_c1988.
300 _a48 p. :
_bil. ;
_c22 cm.
490 1 _aRenovación
830 0 _aRenovación
_924897
049 _aBNPD
999 _c25075
_d25075